First Words in Metallica songs - Statistics

General Stats
  • This quiz has been taken 41 times
  • The average score is 30 of 226
Answer Stats
Answers % Correct
I
86%
I'm
86%
The
63%
He
57%
Say
57%
No
54%
On
49%
So
43%
And
40%
Hey
40%
Life
37%
My
37%
Yeah
37%
You
37%
Do
34%
Don't
34%
End
34%
Huh
34%
Welcome
34%
Gimme
31%
One
31%
Slaves
31%
In
29%
Master Of Puppets
29%
When
29%
Where
29%
All
26%
Enter Sandman
26%
Hit
26%
Make
26%
New
26%
Blacked
23%
Blackened
23%
Damage Case | Sad But True
23%
For Whom The Bell Tolls
23%
Go
23%
How
23%
There's
23%
Why
23%
53rd & 3rd | All Nightmare Long | Am I Evil? | Breadfan | Iced Honey | Just A Bullet Away | Leper Messiah | Lords of Summer | Low Man's Lyric | Mama Said | Murder One | Ronnie Rising Medley | The Wait | When A Blind Man Cries
20%
Alright
20%
Battery
20%
Creeping Death
20%
Crown of Barbed Wire | Nothing Else Matters | So What | Where The Wild Things Are
20%
Dear
20%
Guilty
20%
Inamorata | Screaming Suicide | Welcome Home (Sanitarium)
20%
Living
20%
The Unforgiven
20%
The Unforgiven II
20%
The Unforgiven III
20%
As
17%
Disposable Heroes
17%
Harvester of Sorrow
17%
Hit The Lights
17%
If
17%
Lashing
17%
Motorbreath
17%
No Leaf Clover | The Outlaw Torn | Wherever I May Roam
17%
Now That We're Dead | The Judas Priest | To Live is to Die
17%
Seek & Destroy
17%
The Four Horsemen
17%
2x4 | Bad Seed | Bleeding Me | Commando | Devil's Dance | Die, Die My Darling | Fixxxer | The Ecstasy of Gold
14%
…And Justice for All
14%
Better Than You | Brandenburg Gate | Dirty Window | Last Caress / Green Hell | Shoot Me Again | The View | Too Far Gone? | Trapped Under Ice
14%
Come
14%
Damage, Inc.
14%
Fade To Black
14%
Feel
14%
Frantic
14%
Fuel
14%
Halls
14%
King Nothing
14%
Lay
14%
Off
14%
Out
14%
Saint
14%
All Within My Hands | Through the Never
11%
Atlas, Rise!
11%
Bodies
11%
By
11%
Chasing Light | Cretin Hop | Hell And Back | Loverman | Prince Charming
11%
Dyers Eve
11%
Eye of the Beholder | Fight Fire With Fire
11%
Fortune
11%
Free
11%
Holier Than Thou | No Remorse
11%
- Human | Don't Tread on Me | Slither
11%
Mama
11%
Moth Into Flame
11%
Now
11%
Of Wolf and Man
11%
Oh
11%
St. Anger
11%
Take
11%
Temptation
11%
The Shortest Straw
11%
The Thing That Should Not Be
11%
They're
11%
Two
11%
Whiskey In The Jar
11%
Wish
11%
72 Seasons
9%
Ain't My Bitch
9%
Attitude
9%
Bass
9%
Born
9%
Broken, Beat & Scarred | Dragon | My Friend of Misery
9%
Dealing
9%
Escape | Sabbra Cadabra
9%
Feeding
9%
From
9%
Hardwired | Room of Mirrors
9%
Hate Train | Frayed Ends of Sanity
9%
Here Comes Revenge | Little Dog
9%
Hero Of The Day
9%
If Darkness Had a Son
9%
It's Electric | Mistress Dread
9%
Like
9%
Little
9%
Lux Æterna
9%
Messenger
9%
Metal Militia
9%
Open
9%
Phantom Lord
9%
Ride The Lightning
9%
Ronnie
9%
Shadows Follow
9%
Sleep
9%
Sleeping
9%
That Was Just Your Life
9%
The Day That Never Comes
9%
The God That Failed
9%
The Struggle Within
9%
Until It Sleeps
9%
Would
9%
Am I Savage?
6%
(Anesthesia) Pulling Teeth
6%
Anticipation
6%
Astronomy
6%
Claustrophobic
6%
Clock
6%
Confusion
6%
Cure | My World
6%
Cyanide
6%
Forgive
6%
Frustration
6%
Good
6%
Hanging
6%
Jump In The Fire
6%
Junior Dad
6%
Late
6%
My Apocalypse
6%
Only
6%
Purify
6%
Rebel
6%
Rebel Of Babylon
6%
Some Kind Of Monster
6%
Spit Out The Bone
6%
Stone Cold Crazy
6%
Sweet Amber
6%
Tear
6%
The End Of The Line
6%
The Prince
6%
These
6%
Thorn Within
6%
Turn The Page
6%
Whiplash
6%
Wow
6%
Been
3%
Bitterness
3%
Blitzkrieg
3%
Carpe Diem Baby
3%
Catch
3%
Chaos
3%
Cheat On Me
3%
Down
3%
Dream No More
3%
Eins
3%
Free Speech For The Dumb
3%
Halo On Fire
3%
Invisible
3%
Invisible Kid
3%
I Wanna Sniff Some Glue | Today Your Love, Tomorrow the World
3%
Killing Time
3%
Let
3%
ManUNkind
3%
Mercyful Fate
3%
Need
3%
Obey
3%
Okay
3%
Ooh
3%
Overkill
3%
Pride
3%
Pumping
3%
Pumping Blood
3%
Reaching
3%
Ready
3%
Sleepwalk My Life Away
3%
Sound
3%
Stone Dead Forever
3%
Suck
3%
Suspicion
3%
The House Jack Built
3%
The Memory Remains
3%
The More I See
3%
The Unnamed Feeling
3%
Thunder
3%
Too Late Too Late
3%
Uno
3%
Wash
3%
Wasting My Hate
3%
You Must Burn!
3%
Frustation
0%
Get
0%
Helpless
0%
Ow
0%
Remember Tomorrow
0%
Story
0%
The Small Hours
0%
Unchain
0%
Wake
0%
We Did It Again
0%
We're a Happy Family
0%
You Really Got Me
0%
No matching quizzes found
Score Distribution
Percent of People with Each Score
Percentile by Number Answered
Your Score History
You have not taken this quiz